| 000 | 00516cam a2200181 4500500 | ||
|---|---|---|---|
| 005 | 20250921003619.0 | ||
| 041 | _afre | ||
| 042 | _adc | ||
| 100 | 1 | 0 |
_aRogé, Antoine _eauthor |
| 245 | 0 | 0 | _aSoufflé à la Sartre |
| 260 | _c2014. | ||
| 500 | _a8 | ||
| 690 | _aCuisine | ||
| 690 | _aJean-Paul Sartre | ||
| 690 | _aRecette | ||
| 786 | 0 | _nPhilosophie Magazine | 81 | 7 | 2014-07-01 | p. 74-75 | |
| 856 | 4 | 1 | _uhttps://shs.cairn.info/magazine-philosophie-magazine-2014-7-page-74?lang=fr&redirect-ssocas=7080 |
| 999 |
_c1506667 _d1506667 |
||